[Event "CAN-ch University"]
[Site "Ottawa"]
[Date "2018.01.13"]
[Round "2"]
[White "Gibson, Kevin"]
[Black "D Souza, Justin Quinn"]
[Result "1-0"]
[WhiteElo "2164"]
[BlackElo "1902"]
[PlyCount "49"]
[EventDate "2018.01.13"]
[EventType "swiss"]
[EventRounds "5"]
[EventCountry "CAN"]
[SourceTitle "EXT 2022"]
[Source "ChessBase"]
[SourceDate "2021.10.06"]
[SourceVersion "1"]
[SourceVersionDate "2021.10.06"]
[SourceQuality "1"]

1. d4 Nf6 2. Nf3 e6 3. g3 d5 4. Bg2 Be7 5. 0-0 b6 6. c4 0-0 7. Nc3 Bb7 8. Ne5 Nbd7 9. f4 c5 10. e3 a6 11. f5 Qc7 12. fxe6 fxe6 13. cxd5 Nxe5 14. dxe5 Nxd5 15. Nxd5 Bxd5 16. Bxd5 exd5 17. Qxd5+ Kh8 18. Bd2 Rxf1+ 19. Rxf1 Rd8 20. Qf3 Qxe5 21. Bc3 Qe6 22. Qf7 Qxe3+ 23. Kg2 Qg5 24. Rf5 Qg6 25. Qxe7 1-0

[Event "Hamilton Ontario op"]
[Site "Hamilton"]
[Date "2011.05.22"]
[Round "3"]
[White "Gibson, Kevin"]
[Black "Zhang, Zhiyuan"]
[Result "1/2-1/2"]
[WhiteElo "2220"]
[BlackElo "2117"]
[PlyCount "130"]
[EventDate "2011.05.??"]
[EventType "swiss"]
[EventRounds "6"]
[EventCountry "CAN"]
[SourceTitle "EXT 2022"]
[Source "ChessBase"]
[SourceDate "2021.10.06"]
[SourceVersion "1"]
[SourceVersionDate "2021.10.06"]
[SourceQuality "1"]

1. d4 d5 2. Nf3 Nf6 3. c4 c6 4. e3 g6 5. Nc3 Bg7 6. b3 0-0 7. Bb2 Re8 8. Bd3 Bf5 9. 0-0 Bxd3 10. Qxd3 e6 11. e4 dxe4 12. Nxe4 Nxe4 13. Qxe4 Nd7 14. Rad1 Nf6 15. Qc2 Qc7 16. Rfe1 Rad8 17. Rd2 Rc8 18. g3 Red8 19. Red1 b6 20. Rd3 a6 21. Qe2 Qb7 22. Bc3 Qc7 23. Bd2 Nh5 24. Bg5 Bf6 25. Bxf6 Nxf6 26. Ne5 Nd7 27. f4 Nxe5 28. dxe5 Kf8 29. Rd6 c5 30. Qf3 Rxd6 31. exd6 Qd7 32. Qc3 Kg8 33. Qf6 Rd8 34. Qe5 a5 35. Kf2 f5 36. a3 Kf7 37. h3 Rg8 38. g4 Re8 39. Rd3 Rd8 40. g5 Kg8 41. h4 Re8 42. Qc3 Rd8 43. Qf6 Rf8 44. Qe5 Rd8 45. Qe2 Kf7 46. h5 Qe8 47. Kg1 Qh8 48. Qf3 Rd7 49. Rd1 Qd8 50. hxg6+ Kxg6 51. Qc6 h6 52. Kf2 hxg5 53. fxg5 e5 54. Qd5 Qe8 55. Rh1 e4 56. Rh6+ Kxg5 57. Re6 e3+ 58. Kxe3 Qh5 59. Qd2 f4+ 60. Ke4 Qh7+ 61. Kd5 Qh1+ 62. Ke5 Qh8+ 63. Ke4 Qh7+ 64. Kd5 Qh1+ 65. Ke5 Qh8+ 1/2-1/2

[Event "CAN-ch U18"]
[Site "Windsor"]
[Date "2010.07.06"]
[Round "1"]
[White "Gibson, Kevin"]
[Black "Fan, Brendan"]
[Result "1/2-1/2"]
[WhiteElo "2244"]
[BlackElo "2015"]
[PlyCount "64"]
[EventDate "2010.07.06"]
[EventType "swiss"]
[EventRounds "7"]
[EventCountry "CAN"]
[SourceTitle "EXT 2012"]
[Source "ChessBase"]
[SourceDate "2011.11.24"]
[SourceVersion "1"]
[SourceVersionDate "2011.11.24"]
[SourceQuality "1"]

1. d4 Nf6 2. Nf3 e6 3. Bg5 d5 4. Nbd2 Be7 5. e3 0-0 6. Bd3 c5 7. c3 b6 8. Qe2 a5 9. Ne5 Nfd7 10. Bxe7 Qxe7 11. f4 f5 12. Ndf3 Ba6 13. Bxa6 Nxa6 14. Nxd7 Qxd7 15. Ne5 Qc7 16. 0-0 Nb8 17. c4 Nd7 18. Rac1 Nxe5 19. dxe5 Rad8 20. Rfd1 dxc4 21. Qxc4 Kf7 22. e4 Ke7 23. exf5 exf5 24. Qe2 g6 25. Rd6 Rxd6 26. exd6+ Kxd6 27. Rd1+ Kc6 28. Qe6+ Kb5 29. a4+ Ka6 30. Rd7 Qxf4 31. Qc6 Qe3+ 32. Kf1 Qf4+ 1/2-1/2

[Event "London CC-ch A"]
[Site "London,Canada"]
[Date "2009.06.11"]
[Round "13"]
[White "Riley, Kelly"]
[Black "Gibson, Kevin"]
[Result "0-1"]
[WhiteElo "2005"]
[BlackElo "2107"]
[PlyCount "59"]
[EventDate "2009.03.19"]
[EventType "tourn"]
[EventRounds "12"]
[EventCountry "CAN"]
[SourceTitle "EXT 2022"]
[Source "ChessBase"]
[SourceDate "2021.10.06"]
[SourceVersion "1"]
[SourceVersionDate "2021.10.06"]
[SourceQuality "1"]

1. d4 Nf6 2. c4 g6 3. Nc3 Bg7 4. e4 d6 5. f3 0-0 6. Be3 c6 7. Qd2 Re8 8. Bd3 Nbd7 9. Nge2 e5 10. d5 Qe7 11. Bg5 a5 12. h4 Qf8 13. g4 h5 14. Ng3 hxg4 15. h5 Nc5 16. Bc2 gxf3 17. 0-0-0 Bg4 18. h6 Bh8 19. h7+ Nxh7 20. Rxh7 Kxh7 21. Rh1+ Kg8 22. Rxh8+ Kxh8 23. Qh2+ Kg8 24. Nf5 gxf5 25. Bf6 Qg7 26. Bxg7 Kxg7 27. exf5 Rg8 28. f6+ Kf8 29. Qh6+ Ke8 30. Qh7 0-1

[Event "London CC-ch A"]
[Site "London,Canada"]
[Date "2009.06.04"]
[Round "12"]
[White "Gibson, Kevin"]
[Black "Coleman, Mike"]
[Result "1-0"]
[WhiteElo "2107"]
[BlackElo "2101"]
[PlyCount "65"]
[EventDate "2009.03.19"]
[EventType "tourn"]
[EventRounds "12"]
[EventCountry "CAN"]
[SourceTitle "EXT 2022"]
[Source "ChessBase"]
[SourceDate "2021.10.06"]
[SourceVersion "1"]
[SourceVersionDate "2021.10.06"]
[SourceQuality "1"]

1. d4 Nf6 2. Bg5 c5 3. Bxf6 gxf6 4. d5 Qb6 5. Qc1 Bh6 6. e3 f5 7. c3 f4 8. Na3 fxe3 9. fxe3 Rg8 10. Nf3 Qg6 11. Nc2 d6 12. Qd2 Nd7 13. Rg1 Nf6 14. Bd3 Qh5 15. 0-0-0 Bf5 16. Kb1 Be4 17. Bxe4 Nxe4 18. Qd3 f5 19. Qb5+ Kf7 20. Nd2 Qg4 21. Qd7 Nxd2+ 22. Rxd2 Qe4 23. Rf2 f4 24. exf4 Qxd5 25. Re2 Rae8 26. Rge1 Bf8 27. Re5 Qc4 28. Rf5+ Kg7 29. Qxe8 Qd3 30. Rf7+ Kg6 31. Re6+ Kh5 32. Rf5+ Kg4 33. Qh5# 1-0

[Event "London CC-ch A"]
[Site "London,Canada"]
[Date "2009.04.30"]
[Round "7"]
[White "Gibson, Kevin"]
[Black "Surlan, Dan"]
[Result "1-0"]
[WhiteElo "2107"]
[BlackElo "2159"]
[PlyCount "44"]
[EventDate "2009.03.19"]
[EventType "tourn"]
[EventRounds "12"]
[EventCountry "CAN"]
[SourceTitle "EXT 2022"]
[Source "ChessBase"]
[SourceDate "2021.10.06"]
[SourceVersion "1"]
[SourceVersionDate "2021.10.06"]
[SourceQuality "1"]

1. d4 Nf6 2. c4 e6 3. Nf3 d5 4. e3 c6 5. Nbd2 Nbd7 6. Bd3 Bd6 7. 0-0 0-0 8. e4 dxe4 9. Nxe4 Nxe4 10. Bxe4 Nf6 11. Bb1 Re8 12. Bg5 h6 13. Bh4 Be7 14. a3 b6 15. Qc2 Bb7 16. Rd1 Qc7 17. Bg3 Qc8 18. c5 Kf8 19. Ne5 Rd8 20. b4 a5 21. bxa5 bxc5 22. Nc4 Rxd4 1-0

[Event "London CC-ch A"]
[Site "London,Canada"]
[Date "2009.04.02"]
[Round "3"]
[White "Gibson, Kevin"]
[Black "Mandoshkin, Jake"]
[Result "0-1"]
[WhiteElo "2107"]
[BlackElo "1959"]
[PlyCount "93"]
[EventDate "2009.03.19"]
[EventType "tourn"]
[EventRounds "12"]
[EventCountry "CAN"]
[SourceTitle "EXT 2022"]
[Source "ChessBase"]
[SourceDate "2021.10.06"]
[SourceVersion "1"]
[SourceVersionDate "2021.10.06"]
[SourceQuality "1"]

1. d4 Nf6 2. c4 e6 3. g3 c5 4. Nf3 cxd4 5. Nxd4 Bb4+ 6. Bd2 Bc5 7. Nb3 Be7 8. Bg2 Nc6 9. 0-0 0-0 10. Bc3 a5 11. Nd4 d5 12. cxd5 Nxd5 13. Nxc6 bxc6 14. Qc2 Ba6 15. Rd1 Qb6 16. Bd4 c5 17. Bc3 Rad8 18. Be4 f5 19. Bf3 Kh8 20. a3 Rf7 21. Be5 c4 22. Nc3 Bc5 23. e3 Nxc3 24. Qxc3 Rfd7 25. Rxd7 Rxd7 26. Rd1 Rxd1+ 27. Bxd1 Bf8 28. Qd4 Qxd4 29. Bxd4 Bb5 30. a4 Bc6 31. Be2 Bxa4 32. Bxc4 Bd7 33. Kf1 Kg8 34. Ke2 Kf7 35. Kd2 g5 36. Bc3 a4 37. Be5 Bb4+ 38. Ke2 Bc6 39. Bd3 g4 40. Bc2 Bb5+ 41. Kd1 Ke7 42. e4 Bd7 43. exf5 exf5 44. Ke2 Bb5+ 45. Ke3 Ke6 46. Bd4 Bd7 47. Kf4 0-1

[Event "CAN-ch U14"]
[Site "Ottawa"]
[Date "2007.07.03"]
[Round "2"]
[White "Gibson, Kevin"]
[Black "Szalay, Karoly"]
[Result "1/2-1/2"]
[WhiteElo "1925"]
[BlackElo "2174"]
[PlyCount "154"]
[EventDate "2007.07.03"]
[EventType "swiss"]
[EventRounds "7"]
[EventCountry "CAN"]
[SourceTitle "EXT 2022"]
[Source "ChessBase"]
[SourceDate "2021.10.06"]
[SourceVersion "1"]
[SourceVersionDate "2021.10.06"]
[SourceQuality "1"]

1. d4 d5 2. c4 e6 3. Nf3 c6 4. e3 Nf6 5. Nc3 Nbd7 6. Bd3 Bd6 7. 0-0 dxc4 8. Bxc4 b5 9. Bd3 a6 10. Qc2 Bb7 11. Ne4 Nxe4 12. Bxe4 Rc8 13. b3 Nf6 14. Nd2 Nxe4 15. Nxe4 c5 16. Nxd6+ Qxd6 17. dxc5 Rxc5 18. Qe2 Qc6 19. Qg4 b4 20. Qxg7 Rf8 21. f3 f6 22. Qxh7 Rg5 23. e4 Rf7 24. Qh8+ Rf8 25. Qh4 Rg7 26. Be3 Rfg8 27. Qf2 Rxg2+ 28. Qxg2 Rxg2+ 29. Kxg2 Qc2+ 30. Bf2 a5 31. Rfc1 Qb2 32. Rcb1 Qe5 33. Bg3 Qc3 34. Rc1 Qb2+ 35. Bf2 f5 36. Re1 fxe4 37. fxe4 Qg7+ 38. Bg3 Bxe4+ 39. Rxe4 Qxa1 40. Rxe6+ Kf7 41. Re2 Qd1 42. Rf2+ Kg6 43. Kh3 Qd5 44. Bf4 Qe4 45. Bg3 Qh1 46. Bf4 Kh5 47. Bg3 Qb1 48. Kg2 Qe4+ 49. Kh3 Qe6+ 50. Kg2 Qd7 51. Re2 Qd5+ 52. Kh3 Qd1 53. Rf2 Qg1 54. Rf5+ Kg6 55. Rf2 Kg5 56. Bf4+ Kh5 57. Bg3 Kg5 58. Bf4+ Kf5 59. Bg3+ Ke4 60. Rf4+ Kd3 61. Rf2 Qd1 62. Kg2 Qh5 63. h3 Qd5+ 64. Kh2 Ke3 65. Rg2 a4 66. bxa4 Qa8 67. Rf2 Qxa4 68. Rg2 Qd7 69. Rf2 Qd1 70. Rg2 Qf1 71. Rf2 Qd1 72. Rg2 Kd3 73. Rf2 Ke4 74. Rg2 Kf5 75. Rf2+ Kg5 76. Rg2 Qf3 77. Rf2 Qd3 1/2-1/2

[Event "CAN-ch U12"]
[Site "Kapuskasing"]
[Date "2004.07.08"]
[Round "5"]
[White "Kaufman, Harris"]
[Black "Gibson, Kevin"]
[Result "1-0"]
[WhiteElo "1676"]
[BlackElo "1473"]
[PlyCount "43"]
[EventDate "2004.07.06"]
[EventType "swiss"]
[EventRounds "7"]
[EventCountry "CAN"]
[SourceTitle "EXT 2006"]
[Source "ChessBase"]
[SourceDate "2005.11.24"]
[SourceVersion "1"]
[SourceVersionDate "2005.11.24"]
[SourceQuality "1"]

1. e4 c5 2. Nf3 Nc6 3. d4 cxd4 4. Nxd4 g6 5. Nc3 Bg7 6. Be3 Nf6 7. f3 d6 8. Qd2 h6 9. Be2 Bd7 10. 0-0-0 a6 11. g4 b5 12. Nxc6 Bxc6 13. a3 Qa5 14. h4 Rc8 15. g5 hxg5 16. hxg5 Nh5 17. Bd4 Be5 18. Bxe5 dxe5 19. Rh4 Rd8 20. Qe1 Rxd1+ 21. Bxd1 Qb6 22. Na2 1-0

[Event "CAN-ch U12"]
[Site "Kapuskasing"]
[Date "2004.07.06"]
[Round "2"]
[White "Douglas, Richard"]
[Black "Gibson, Kevin"]
[Result "1/2-1/2"]
[WhiteElo "1668"]
[BlackElo "1473"]
[PlyCount "47"]
[EventDate "2004.07.06"]
[EventType "swiss"]
[EventRounds "7"]
[EventCountry "CAN"]
[SourceTitle "EXT 2006"]
[Source "ChessBase"]
[SourceDate "2005.11.24"]
[SourceVersion "1"]
[SourceVersionDate "2005.11.24"]
[SourceQuality "1"]

1. e4 c5 2. c3 e5 3. Nf3 Nc6 4. Bc4 h6 5. d4 cxd4 6. cxd4 exd4 7. Nxd4 Ne5 8. Bb3 Bb4+ 9. Nc3 d6 10. 0-0 Bxc3 11. bxc3 Nf6 12. f3 0-0 13. Be3 a6 14. Rb1 Qc7 15. Qc2 b5 16. h3 Nc4 17. Bxc4 Qxc4 18. Rb4 Qc7 19. c4 Be6 20. Nxe6 fxe6 21. Rc1 Rfc8 22. Qe2 bxc4 23. Rbxc4 Qb7 24. Bf2 1/2-1/2